Histoire chronologique et dogmatique des conciles de la chrétienté, depuis le concile de Jérusalem

Detalles Bibliográficos
Autor principal: ROISSELET De SAUCLIERES
Formato: Libro
Publicado: París 1844
Materias:
Colección:Banco de datos
Acervo:Biblioteca Nacional de Antropología e Historia. Fondo Conventual
Descripción Física:t.I.
Tema general:Concilios
Notas:Buena. XVII, 5, 27. Impreso por E. J. Bailly.
LEADER 00733nam a22002050004500
035 |a 7197 
036 |a 1802 
100 1 |a ROISSELET De SAUCLIERES 
245 1 0 |a Histoire chronologique et dogmatique des conciles de la chrétienté, depuis le concile de Jérusalem 
260 |a París  |b Pablo Mellier  |c 1844 
300 |a t.I. 
500 |a Buena. XVII, 5, 27. Impreso por E. J. Bailly. 
650 1 0 |a Concilios 
949 |a B.N.A.H. 
959 |a Biblioteca Nacional de Antropología e Historia. Ciudad de México  |b CCC1 
960 |a Seminario de Morelia  |b DD56 
961 |a Casa de formación del Clero Secular  |b CS 
942 |c B.N.A.H. 
943 |g Biblioteca Nacional de Antropología e Historia. Fondo Conventual 
999 |c 1031729  |d 1031729